Itsuko hasegawa : (Record no. 352558)

000 -LEADER
fixed length control field 02131 a2200265 4500
003 - CONTROL NUMBER IDENTIFIER
control field OSt
005 - DATE AND TIME OF LATEST TRANSACTION
control field 20260203100802.0
008 - FIXED-LENGTH DATA ELEMENTS--GENERAL INFORMATION
fixed length control field 120525t xxu||||| |||| 00| 0 eng d
020 ## - INTERNATIONAL STANDARD BOOK NUMBER
International Standard Book Number 0817656057 (paperback)
020 ## - INTERNATIONAL STANDARD BOOK NUMBER
International Standard Book Number 9780817656058 (paperback)
040 ## - CATALOGING SOURCE
Transcribing agency 0
082 04 - DEWEY DECIMAL CLASSIFICATION NUMBER
Classification number 720.92
100 1# - MAIN ENTRY--PERSONAL NAME
Personal name Hasegawa, Itsuko.
9 (RLIN) 32896
245 10 - TITLE STATEMENT
Title Itsuko hasegawa :
Remainder of title recent buildings and projects :
-- realisations et projets recents /
Statement of responsibility, etc. Itsuko Hasegawa, Anne Scheou, Institut Francais D'Architecture.
260 ## - PUBLICATION, DISTRIBUTION, ETC.
Place of publication, distribution, etc. Victoria :
Name of publisher, distributor, etc. Institut Francais D'Architecture,
Date of publication, distribution, etc. 1997.
300 ## - PHYSICAL DESCRIPTION
Extent 265 p. :
Other physical details ill.;
Dimensions 31cm.
500 ## - GENERAL NOTE
General note Includes bibliographical refrences and index
520 ## - SUMMARY, ETC.
Summary, etc. Itsuko Hasegawa has never viewed architecture as being a singular?and isolated creative act by one individual – on the contrary,?she is convinced that building should be a social event. Hence,?she includes not only state-of-the-art CAD programs in each planning?and design phase, but also the outcome of extensive interviews?with future users of a given building.?Hasegawa always allows some breathing space for the unforeseen?and the unknown whenever building plans are transformed into architectural?solutions for concrete activities and special functions. Her buildings?– which combine clarity and playfulness and which are full?of energy stemming from the interplay of material, color, transparency?and form – are places which enhance and inspire people's?lives.?? This monograph presents the 16 most significant buildings and?projects in the 1990s: museums and galleries, schools, sport and?recreation centers, and apartment buildings, and includes contributions by Patrice Goulet and Koji Taki.?Itsuko Hasegawa is published in collaboration with the Institut Francais d'Architecture,?Paris.
650 ## - SUBJECT ADDED ENTRY--TOPICAL TERM
Topical term or geographic name entry element Architecture
Geographic subdivision Japan
9 (RLIN) 32897
700 1# - ADDED ENTRY--PERSONAL NAME
Personal name Scheou, Anne.
9 (RLIN) 32898
700 1# - ADDED ENTRY--PERSONAL NAME
Personal name D'Architecture, Institut Francais.
9 (RLIN) 32899
856 40 - ELECTRONIC LOCATION AND ACCESS
Materials specified Amazon.com
Uniform Resource Identifier <a href="http://www.amazon.com/exec/obidos/ASIN/0817656057/chopaconline-20">http://www.amazon.com/exec/obidos/ASIN/0817656057/chopaconline-20</a>
942 ## - ADDED ENTRY ELEMENTS (KOHA)
Institution code [OBSOLETE] SADA
Koha item type Book
Call number prefix 720.92 HAS 1997
Source of classification or shelving scheme
Holdings
Withdrawn status Lost status Source of classification or shelving scheme Damaged status Not for loan Permanent Location Current Location Date acquired Full call number Barcode Date last seen Cost, replacement price Price effective from Koha item type
          School of Art Design and Architecture (SADA) School of Art Design and Architecture (SADA) 02/17/2011 720.92 HAS 1997 SADA0000638 08/05/2011 4291.00 08/05/2011 Book
© 2023 Central Library, National University of Sciences and Technology. All Rights Reserved.